Statistics for -nch Vocabulary Words

Click here to take the quiz!

General Stats

  • This quiz has been taken 1,219 times
    (1,182 since last reset)
  • The average score is 18 of 24

Answer Stats

HintAnswer% Correct
Tree limbBranch
97%
Hit with fistPunch
97%
Midday mealLunch
96%
You sit on itBench
94%
He stole ChristmasGrinch
94%
Sunday breakfast?Brunch
92%
Satisfy thirstQuench
92%
Large Texas farmRanch
92%
Unit of measurementInch
90%
StinkStench
89%
A suspicionHunch
85%
Like fries, or a kissFrench
80%
Shell used as a hornConch
77%
ChewMunch
76%
ClusterBunch
74%
Shuttle lift-offLaunch
73%
Long, narrow ditchTrench
71%
SpannerWrench
69%
SparrowFinch
64%
Remove color; whitenBlanch
55%
Steadfast, loyalStaunch
38%
BellyPaunch
34%
Crank, handleWinch
25%
HipHaunch
14%

Score Distribution

Percentile by Number Answered

Percent of People with Each Score

Your Score History

You have not taken this quiz since the last reset